5HLuxD.jpg

KING HENRY VIII SENIOR AND PRIMARY SCHOOL LIBRARY OPAC

What's so yummy? : (Record no. 1378)

000 -LEADER
fixed length control field 02130cam a22004577i 4500
001 - CONTROL NUMBER
control field 17945986
003 - CONTROL NUMBER IDENTIFIER
control field OSt
005 - DATE AND TIME OF LATEST TRANSACTION
control field 20221229083214.0
008 - FIXED-LENGTH DATA ELEMENTS--GENERAL INFORMATION
fixed length control field 131118s2014 maua j 000 0 eng d
010 ## - LIBRARY OF CONGRESS CONTROL NUMBER
LC control number 2013955674
020 ## - INTERNATIONAL STANDARD BOOK NUMBER
International Standard Book Number 9780763636326
035 ## - SYSTEM CONTROL NUMBER
System control number (OCoLC)ocn889734367
040 ## - CATALOGING SOURCE
Original cataloging agency AU@
Language of cataloging eng
Transcribing agency AU@
Description conventions rda
Modifying agency OCLCO
-- YDXCP
-- BTCTA
-- BDX
-- GK8
Description conventions rda
Modifying agency IH7
-- OJ4
-- JAG
-- CO2
-- DCH
-- ILC
-- MLY
-- UPZ
-- UIU
-- DLC
-- KH8
042 ## - AUTHENTICATION CODE
Authentication code lccopycat
082 04 - DEWEY DECIMAL CLASSIFICATION NUMBER
Classification number 613.2 HAR
Edition number 23
100 1# - MAIN ENTRY--PERSONAL NAME
Personal name Harris, Robie H.
Relator term author.
245 10 - TITLE STATEMENT
Title What's so yummy? :
Remainder of title all about eating well and feeling good /
Statement of responsibility, etc. Robie H. Harris ; illustrated by Nadine Bernard Westcott.
246 30 - VARYING FORM OF TITLE
Title proper/short title All about eating well and feeling good
246 3# - VARYING FORM OF TITLE
Title proper/short title What is so yummy? :
Remainder of title all about eating well and feeling good
250 ## - EDITION STATEMENT
Edition statement First edition.
264 #1 - PRODUCTION, PUBLICATION, DISTRIBUTION, MANUFACTURE, AND COPYRIGHT NOTICE
Place of production, publication, distribution, manufacture Somerville, Massachusetts :
Name of producer, publisher, distributor, manufacturer Candlewick Press,
Date of production, publication, distribution, manufacture, or copyright notice 2014.
300 ## - PHYSICAL DESCRIPTION
Extent 1 volume (unpaged) :
Other physical details color illustrations ;
Dimensions 28 cm
336 ## - CONTENT TYPE
Content type term text
Content type code txt
Source rdacontent
337 ## - MEDIA TYPE
Media type term unmediated
Media type code n
Source rdamedia
338 ## - CARRIER TYPE
Carrier type term volume
Carrier type code nc
Source rdacarrier
490 1# - SERIES STATEMENT
Series statement Let's talk about you and me
520 ## - SUMMARY, ETC.
Summary, etc. Gus, Nellie, and baby Jake visit their community garden before shopping at the farmer's market and grocery store to gather healthy ingredients that they help prepare for a picnic, in a story that explains the role of nutrition in health.--
Assigning source Source other than Library of Congress.
650 #0 - SUBJECT ADDED ENTRY--TOPICAL TERM
Topical term or geographic name entry element Nutrition
Form subdivision Juvenile literature.
650 #0 - SUBJECT ADDED ENTRY--TOPICAL TERM
Topical term or geographic name entry element Health
Form subdivision Juvenile literature.
650 #0 - SUBJECT ADDED ENTRY--TOPICAL TERM
Topical term or geographic name entry element Picture books for children.
650 #1 - SUBJECT ADDED ENTRY--TOPICAL TERM
Topical term or geographic name entry element Nutrition.
650 #1 - SUBJECT ADDED ENTRY--TOPICAL TERM
Topical term or geographic name entry element Health.
700 1# - ADDED ENTRY--PERSONAL NAME
Personal name Westcott, Nadine Bernard,
Relator term illustrator.
800 1# - SERIES ADDED ENTRY--PERSONAL NAME
Personal name Harris, Robie H.
Title of a work Let's talk about you and me.
856 42 - ELECTRONIC LOCATION AND ACCESS
Materials specified Contributor biographical information
Uniform Resource Identifier <a href="http://www.loc.gov/catdir/enhancements/fy1503/2013955674-b.html">http://www.loc.gov/catdir/enhancements/fy1503/2013955674-b.html</a>
856 42 - ELECTRONIC LOCATION AND ACCESS
Materials specified Publisher description
Uniform Resource Identifier <a href="http://www.loc.gov/catdir/enhancements/fy1503/2013955674-d.html">http://www.loc.gov/catdir/enhancements/fy1503/2013955674-d.html</a>
906 ## - LOCAL DATA ELEMENT F, LDF (RLIN)
a 7
b cbc
c copycat
d 2
e epcn
f 20
g y-gencatlg
942 ## - ADDED ENTRY ELEMENTS (KOHA)
Source of classification or shelving scheme
Koha item type Books - Non Ficton
Holdings
Withdrawn status Lost status Source of classification or shelving scheme Damaged status Not for loan Collection code Permanent Location Current Location Shelving location Date acquired Total Checkouts Full call number Barcode Date due Date last seen Date last checked out Price effective from Koha item type
          Non-Fiction KH8 Primary School Library KH8 Primary School Library Non Fiction 2022-12-29 9 613.2 HAR KHPL000003155 2023-09-21 2023-09-12 2023-09-12 2022-12-29 Books - Non Ficton

Powered By KH8 IT Dept